000 00603nam a2200241Ia 4500
005 20251020182446.0
008 200515s9999 xx 000 0 und d
020 _a968-18-4634-6
082 _a550.8/R93
100 _aGonzález Huesca, Silvia
100 _aRuiz Vásquez, Mariano
245 0 _aGeología aplicada a la ingeniería civil
260 _aMéxico, D.F.
260 _bLIMUSA ; NORIEGA EDITORES
260 _c2002
300 _a255 p.
300 _bil., tbl., graf.
500 _a1 ejemplar
650 _aGEOLOGIA
650 _aINGENIERIA CIVIL
942 _cLIB
999 _c709
_d709